000 00527nam a2200181Ia 4500
005 20250923145403.0
008 008 250917s9999 xx 000 0 eng d
037 _aTextual
040 _aDSWL
_beng
_cDSWL
041 _aeng
_2eng
084 _aO1570gQ2, N62
_qDSWL
100 _aDasGupta, S.
_9834767
245 0 _aobscure religious cults
_c by S. DasGupta
260 _aCalcutta
_bFirma K.L.Mukhopadhyay
_c1962
300 _a4436 p.
942 _cTEXL
_hO1570gQ2, N62
999 _c1450758
_d1450758